000 00192nam a2200073Ia 4500
008 170817s9999 xx 000 0 und d
100 _aRAO DIGUMARATI BHASKAR
245 0 _aNATIONAL POLICY ON EDUCATION
260 _bD.P.H . PUB.
999 _c36707
_d36707